| 000 | 01057nam a22003257a 4500 | ||
|---|---|---|---|
| 001 | 9472 | ||
| 003 | FISKH | ||
| 005 | 20260114082815.0 | ||
| 008 | 260114b cb ||||| |||| 00| 0 eng d | ||
| 020 | _a014034537X | ||
| 040 |
_aFISKH _beng _cFISKH _dFISKH |
||
| 050 | _aPZ7.K5893 P | ||
| 082 | _a823.914 | ||
| 100 | _aKing-Smith , Dick | ||
| 245 |
_aPigs might fly / _cA novel by Dick King-Smith : Drawings by Mary Rayner |
||
| 250 | _aPublished in Puffin Books 1990 | ||
| 260 |
_aNew York : _bPuffin Books , _c1980. |
||
| 300 |
_a158 pages : _billustrations ; _c19 cm . |
||
| 505 | _aZ | ||
| 520 | _aA runt piglet born with deformed front feet is coached in swimming by a duck and an otter and, when the pig farm is flooded, becomes a hero. | ||
| 521 | 8 |
_a1030
_bLexile |
|
| 521 | 8 |
_aZ
_bRaz-Plus |
|
| 650 |
_aPigs _vFiction |
||
| 650 |
_aFarm life _vFiction |
||
| 650 |
_aPhysically handcapped _vFiction |
||
| 650 |
_aEngland _vFiction |
||
| 700 |
_aRayner , Mary _eIllustrator |
||
| 942 |
_2ddc _cBK _n0 |
||
| 999 |
_c9472 _d9472 |
||